000 00763cam a22002531a 4500
001 20814
003 BD-RjUL
005 20211209000620.0
008 140302s1949 enk 000 0deng d
035 _a(BD-RjUL)20876
035 _a(OCoLC)2661460
040 _aDLC
_cPU
_dOCoLC
_dWU
_dBD-RjUL
_beng
041 _aeng
082 _a823.91
_bSTs 1949
100 1 _aStrong, L. A. G.
_q(Leonard Alfred George),
_d1896-1958.
_964289
245 1 4 _aThe sacred river :
_ban approach to James Joyce /
260 _aLondon :
_bMethuen,
_c1949.
300 _a160 p. ;
_c23 cm.
600 1 0 _aJoyce, James,
_d1882-1941
_xCriticism and interpretation.
_964296
650 _aEnglish Literature
_964291
942 _2ddc
_cBK
999 _c20814
_d20814